MARC보기
LDR00995cam 2200253 c 4500
001000000116824
00520061201154203
008061201s2006 000 kor
020 ▼a 897585307193810
0491 ▼l GM00025207 ▼l GM00025208 ▼c 2 ▼l GM00025209 ▼c 3
056 ▼a 813.7
090 ▼a 813.7 ▼b 강67ㅎ
245 ▼a 한국설화문학연구 / ▼d 강은해 지음.
260 ▼a 대구 : ▼b 계명대학교출판부, ▼c 2006.
300 ▼a 300p ; ▼c 23cm.
653 ▼a 설화 ▼a 설화문학 ▼a 한국설화
9500 ▼b ₩12000
007ta
040 ▼d 248032